| 000 | 01036nam a2200241 i 4500 | ||
|---|---|---|---|
| 001 | 166638 | ||
| 003 | ES-MaACL | ||
| 005 | 20250905135911.0 | ||
| 008 | 981209s1784 sp |||| | spa d | ||
| 100 | 1 |
_aTrigueros, Cándido María. _9111416 |
|
| 245 | 1 | 3 |
_aLa riada / _cpor D. Cándido M. Trigueros ; descríbese la terrible inundación que molestó a Sevilla en los últimos días del año 1783, i los primeros de 1784. |
| 260 |
_aEn Sevilla : _bEn la Ofic. de Vázquez y Comp., _c1784. |
||
| 300 |
_aXXVI, 115 p. ; _c4º. |
||
| 530 | _aDisponible en formato digital. | ||
| 597 | _aSign.: [ ]\p5\s, b-r\p4\s, s\p3\s. | ||
| 650 | 4 |
_aInundaciones- _zSevilla. _9155018 |
|
| 651 | 4 |
_aSevilla- _xHistoria- _yS.XVIII. _9165127 |
|
| 700 | 1 |
_aVázquez, Manuel Nicolás, _dfl. 1758-1796 _9133579 |
|
| 752 |
_aEspaña - _dSevilla |
||
| 852 |
_aES-MaACL _jR-837-38(2) _z- Enc. hol. _x Olim: G-1578-9 |
||
| 856 |
_uhttp://bdh-rd.bne.es/viewer.vm?id=0000086516&page=1 _zBiblioteca Digital Hispánica |
||
| 999 |
_c166638 _d166638 |
||